000 00530nam a2200181Ia 4500
999 _c20917
_d20917
082 _a305.512091724 STU;
245 0 _aStudies in the problems of the third world
260 _aNew Delhi
_bUppal Publishing
_c1985
300 _a356p.
650 _aSocial problems - Developing countries
650 _aPolitical sociology
650 _aProgress
650 _aSocial conflict - Developing countries
650 _aSocial stratification - Developing countries
700 _aHaq, Ehsanul
700 _aSeshadri, K.
942 _cBK